Statystyki dla Amerykańscy Raperzy (HARD)

Kliknij tutaj aby rozwiązać quiz!

Ogólne statystyki

  • Ten quiz został rozwiązany 899 razy
    (898 od ostatniego zresetowania)
  • Średni wynik to 41 z 61

Statystyki odpowiedzi

PodpowiedźRaper% Poprawnych
Niektórzy poznają go po samym alter ego rapera 'Slim Shady'Eminem
93%
Jeden z najpopularniejszych raperów w tym momencie, znany z hitów takich jak "God's Plan", "Toosie Slide" czy "Hotline Bling"Drake
92%
Raper uznawany jest za jedną z ikon tego pokolenia rapowego, był nominowany sześć razy do nagrody Grammy, znany z jego ikonicznych albumów takich jak "Rodeo" czy "Astroworld", założyciel rapowej grupy "Jackboys"Travis Scott
90%
Jego najpopularniejszym projektem był album, „?”, ukazał się 16 marca 2018 roku i zdobył pierwsze miejsce w rankingu Billboard 200, przez wielu uznawany nieoficjalnie jedną z ikon nowej fali rapuxxxtentacion
90%
Raper, piosenkarz i autor tekstów. Najbardziej znany był z takich utworów, jak „All Girls Are the Same”, „Lucid Dreams”, „Bandit” oraz „Legends”, uznawany za jednego z najlepszych freestylowców w mainstreamie, jego ostatnim albumem był pośmiertny album "Legends Never Die"Juice WRLD
87%
Znany jest z piosenki „Gucci Gang”, która osiągnęła trzecie miejsce na amerykańskim Billboard Hot 100.Lil Pump
85%
Jego ksywkę wymyślili jego starsi znajomi gdy słysząc jego twórczość nazwali go 'przyszłością' Amerykańskiej rapgry. Zdobył w 2016 jedną nagrodę BET Award w kategorii Najlepszy zespół za współpracę z Drake’iem. W tym roku pojawił się jego solowy album "High Off Life" a jego najpopularniejszymi trackami są "Mask Off", "Life Is Good" oraz "Low Life"Future
84%
Raper, wokalista, producent muzyczny oraz projektant mody. Uznawany jest za jedną z najważniejszych gwiazd muzyki popularnej XXI wieku. Jest kandydatem na bycie Prezydentem USA w 2020 rokuKanye West
84%
Jeden z kluczowych a zarazem najpopularniejszy członek grupy rapowej A$AP MobASAP Rocky
83%
Najpopularniejszy reprezentant rapowego stylu zwanego 'NY Drill', można wyróżnić jego największe hity takie jak "Dior", "Welcome to the party" czy "GATTI" w kolaboracji z JackboysPop Smoke
83%
W ostatnim czasie wydał dosyć długo i mocno oczekiwany album "Savage Mode II", jego znakiem rozpoznawalnym zostały dwie charakterystyczne liczby21 Savage
82%
Jego ksywka powstała po śmiesznej sytuacji gdy znajomi porównali jego flow do karabinu, ostatnim albumem wydanym przez niego było 'Eternal Atake'Lil Uzi Vert
79%
Zasłynął singlem ''Shotta Flow'' który ukazał się w styczniu 2019 roku. Utwór zajął 36 miejsce w rankingu Bilboard Hot 100. W późniejszym czasie wydał remix piosenki z artystą o pseudonimie Blueface oraz wydał hitowe "Walk Em Down". Ma tylko 17 latNLE Choppa
79%
Po wydaniu w lutym 2015 r. utworu „White Iverson”, który osiągnął ponad milion odtworzeń w serwisie SoundCloud, podpisał kontrakt muzyczny z wytwórnią Republic Records. Raper o specyficznym stylu opisywanym jako artystę, który opiera linię między śpiewaniem i rapowaniem, a hip-hopem i strasznym electric folk’iem. Kiedyś znany bardziej z rapowych hitów jak "Congratulations" czy "Rockstar", teraz bardziej pop'owo/rock'owych jak "Sunflower" czy "Circles"Post Malone
79%
Raper, aktor i przedsiębiorca. Właściciel firmy produkującej słuchawki SMS Audio. Międzynarodową rozpoznawalność zyskał po wydaniu debiutanckiego albumu "Get Rich or Die Tryin" (2003 r.) oraz drugiej płyty "The Massacre" dwa lata później. Szanowany raper starej sceny, praktycznie każdy musiał raz słyszeć w radiu jego hit "Candy Shop" czy "In Da Club"50 cent
78%
Kolejny najpopularniejszy reprezentant 'drillu' lecz tym razem z Chicago, każdy słuchacz rapu na pewno musiał słyszeć jego niesamowity hit 'Love Sosa' który nagrał w wieku tylko 16 latChief Keef
78%
Był jednym z głównych przedstawicieli nurtu muzycznego „emo rap” – serwis AllMusic opisuje jego muzykę jako połączenie trapu, hip-hopu, rocka oraz punkaLil Peep
78%
Raper oraz autor tekstów. Sławę zdobył dzięki piosence „Ransom”, która zadebiutowała na 4 miejscu listy Bilboard Hot 100. Swój debiutancki mixtape pt. „We Love You Tecca” wydał 30 sierpnia 2019Lil Tecca
78%
Raper znany również pod pseudonimem Tekashi. Stał się znany dzięki kontrowersyjnym tekstom i charakterystycznemu agresywnemu stylowi rapowania. Cały świat przyglądał się jego niedawnym problemom z sądem gdzie tekashi postanowił obrać stronę policji po czym nazywają kolorowego rapera "szczurem"6ix9ine
77%
Jego najbardziej rozpoznawalnym trackiem jest "Drip Too Hard" który współtworzył z raperem lil baby, jedno z tak zwanych dzieci Young Thuga, jego ostatnim wydanym albumem było "WUNNA"Gunna
76%
Według Black Entertainment Television był najbardziej wpływowym raperem w historii, natomiast magazyn Rolling Stone umieścił go na 86. miejscu wśród 100 największych artystów wszech czasów, zmarł w 1996 w Las Vegas poprzez postrzelenie2pac
75%
Amerykańskie trio hip hopowe z Lawrenceville w stanie Georgia, założone w 2008 roku. Składają się z trzech raperów znanych pod pseudonimami Takeoff, Offset i QuavoMigos
74%
Każdy jego prawdziwy fan czeka nieustannie na zapowiedziany przez niego album "Whole Lotta Red", jego znakiem rozpoznawalnym w trackach został "baby voice", ostatni jego wypuszczony album nazywał się "Die Lit"Playboi Carti
74%
Raper, piosenkarz z Gifford na Florydzie. Najbardziej znany jest ze swojego singla „Murder on My Mind" który w serwisie YouTube ma ponad 192 mln wyświetleń oraz ze współpracy z Kanye Westem przy utworze „Mixed Personalities”. Został oskarżony o podwójne morderstwoYNW Melly
74%
Poprzez piosenkę "Suge" zyskał większą popularność, jedni ludzie go kochają a drudzy posądzają za monotonne flow, jego ostatnim hitem była piosenka pod nazwą "Rockstar" na której feat znajdował się Roddy Ricch, artysta na początku był znany pod ksywką "Baby Jesus"DaBaby
73%
6 grudnia 2019 r. raper wydał swój debiutancki album studyjny, Please Excuse Me for Being Antisocial z czego pochodzący z niego utwór „The Box” stał się jego pierwszym singlem, który objęło szczyt notowania Billboard Hot 100.Roddy Ricch
73%
Raper uznawany za jednego z najlepszych 'tekściarzy' tego pokolenia raperów znany z jego bardzo dobrze ocenianych albumów jak "To Pimp a Butterfly" czy "Good Kid, M.A.A.D City"Kendrick Lamar
72%
Zdobył sławę pod koniec 2017 roku wydając swój singiel „Pull Up”, głównie znany z wakacyjnych hitów min. "Blueberry Faygo" które było viral'ową piosenką na tik tokuLil Mosey
71%
Podpisał kontrakt z Epic Records po tym, jak jego piosenka „Hot Ni**a” zajęła szóste miejsce na liście Billboard Hot 100 w 2014 roku. Jego debiutancka EP, Shmurda She Wrote, została wydana 10 listopada 2014 roku. Raper został zatrzymany w grudniu 2014 roku i może zostać wypuszczony już w 2021 rokuBobby Shmurda
70%
Raperka, piosenkarka, autorka tekstów piosenek, modelka i aktorka pochodzenia trynidadzkiego. Przez długi okres znana bardziej jako gwiazda pop'u. Wydała cztery albumy studyjne: Pink Friday (2010), Pink Friday: Roman Reloaded (2012), The Pinkprint (2014) i Queen (2018)Nicki Minaj
70%
Jest to raper który po wypuszczeniu albumu "Harder Than Ever" w 2018 roku pchnie się tylko w górę, także jego album "My Turn" podbił notowania oraz listy w Ameryce z naprawdę dobrym poziomem, jednym z jego najbardziej wyróżniających się tracków jest "The Bigger Picture" wypowiadające się na temat w tym czasie ostry w Ameryce tzn. "BLM"Lil Baby
69%
Raper i autor tekstów. Jego charakterystyczną cechą jest niecodzienny styl rapowania trochę zachodzący na 'offbeat'. Stworzył takie piosenki jak ''Bleed It'', ''Respect My Crypn'' lub ''Thotiana'Blueface
68%
Po raz pierwszy zyskał uznanie w sierpniu 2015 roku dzięki swoim singlom „One Night” i „Minnesota” z debiutanckiej EPki Summer Songs. Wydał swój debiutancki mixtape Lil Boat w marcu 2016. Kiedyś głównie znany z stylu rapowania 'candy-rap' oraz czerwonych włosów teraz jednak powrócił do naturalnego koloru włosów oraz bardziej eksperymentuje ze swoimi trackami mocniejszymi brzmieniamiLil Yachty
66%
Zdobył rozgłos w 2018 roku dzięki swojemu singlowi „Finer Things”,wydał jeden z najlepszych albumów 2020 roku "The Goat"Polo G
66%
Pierwsze uznanie zdobył singlem „No Flockin” oraz "Tunnel Vision". Raper z Miami został skazany na 46 miesięcy pozbawienia wolności. Groziło mu 10 lat więzienia, jednak prawnicy wywalczyli zmniejszenie kary.Kodak Black
65%
Raper, producent muzyczny, aktor i projektant mody pochodzący z Kalifornii. Jeden z założycieli grupy muzycznej Odd Future. Jego najpopularniejszymi albumami są min. "IGOR" czy "Flower Boy"Tyler the Creator
65%
Były członek Hot Boys – amerykańskiej grupy hiphopowej związanej z Cash Money Records. Uznawany za promotora wszystkich ksywek z przedrostkiem 'lil'. W tym roku wypuścił album "funeral" lecz poprzednie albumy wszystkie nosiły nazwę "Tha Carter" których wyprodukował aż wersji 5Lil Wayne
64%
Uważany jest za jednego z najbardziej wpływowych raperów swojego pokolenia, a jego muzyka mocno ukształtowała współczesną muzykę trapową i zainspirowała wielu artystów, ma bardzo dobre relacje z rapową grupą jackboys oraz spod jego skrzydeł ukrzatłowali się m.in. tacy artyści jak GunnaYoung Thug
64%
Raper, piosenkarz i autor tekstów z Houston. Członek grupy rapowej "Jackboys" największą rozpoznawalność zyskał po gościnnym wystąpieniu na albumie "Astroworld" Travisa Scottam, jego najpopularniejszymi trackami są m.in "No Idea", "After Party" czy "Lemonade"Don Toliver
63%
Jego debiutancki mixtape "A Love Letter to You" i główny singiel „Love Scars” przyniosły mu popularność. Znany z charakterystycznego zachrypniętego głosu, co ciekawe jakiś czas temu wypuścił album rockowo-rapowy pod nazwą "Pegasus"Trippie Redd
63%
Raper i przedsiębiorca pobił rekord Elvisa Presleya i stał się artystą z największą liczbą albumów w historii, które zadebiutowały na szczycie Billboard 200. Jego albumy rozeszły się w niemalże 50 milionach egzemplarzy, zaś sam artysta zdobył 21 nagród Grammy a 4 kwietnia 2008 poślubił Beyoncé KnowlesJay-Z
62%
W lutym 2018 podpisał kontrakt z wytwórnią rapera Kanye Westa GOOD Music, i wytwórnią rapera Travisa Scotta Cactus Jack Records. W 2017 roku wypuścił singiel Mo Bamba, który zaczął podbijać listy przebojów w połowie 2018 roku, m.in. zajął 10 miejsce na liście Billboard Hot 100. 5 października 2018 roku wydał swój pierwszy album Mudboy.Sheck Wes
62%
Raper i autor tekstów. Początkowo zyskał rozgłos wraz z raperem XXXTentacionem i ich kolektywem Members Only. Rozpoznawalny przez jego unikatowe flow, znany z takich piosenek jak "Catch Me Outside", "BabyWipe" czy "Nuketown"Ski Mask the Slump God
62%
Wydał sześć solowych albumów studyjnych i współpracował z takimi artystami, jak m.in. Kanye West, Travis Scott, David Guetta i Rihanna. Posiada jedną z najpopularniejszych trylogii rapowych pod nazwą "Man on the Moon". Zapowiedział także zaskakujący album który będzie współtworzył z Travisem Scottem "The Scotts"Kid Cudi
60%
Raper i autor tekstów. Podpisał kontrakt z wytwórnią rapera Lil Durka, Only the Family i EMPIRE. 6 listopada 2020 roku Bennett został postrzelony w nocnym klubie w Atlancie, po postrzale został uznany za zmarłego z powodu odniesionych obrażeń tego samego dnia. Znany z takich piosenek jak "Took Her To The O", "All These N**gas" czy aż 3 częściowej piosenki "Crazy Story"King Von
60%
Raper reprezentujący miasto New York, posiada tylko 19 lat. Jest bliskim przyjacielem rapera Polo G. Jego największymi hitami są "F.N", "Brothers" oraz feat na piosence "Pop Out"Lil Tjay
60%
Raper który zmarł 7 września 2018. Znany przez wielu za bardzo wyluzowanego człowieka a w twórczości przypominał ludziom styl podobny do mieszanki rapu oraz r&b. Ostatnim jego albumem był pośmiertny album "Circles" a najpopularniejszym wydanym trackiem jego wykonania jest "Self Care"Mac Miller
60%
Aktywny na scenie muzycznej od 2007 roku. W 2009, jako pierwszy artysta, dołączył do wytwórni Roc Nation. Jednak dopiero dwa lata później ukazał się jego debiutancki album zatytułowany Cole World: The Sideline Story. Jednak kluczowym albumem w jego karierze był "2014 Forest Hills Drive" na którym znajdowały się takie single jak "No Role Modelz" czy "Wet Dreamz"J.Cole
59%
Znany jest z piosenek "Red Roses" oraz "Nowadays", ta druga osiągnęła 69 miejsce na amerykańskim Billboard Hot 100, oraz osiągnęła ponad 200 milionów odtworzeń w serwisie YouTube. Także zapowiedział swój solowy album an 2020 rok. Jego albumem o największych zasięgach do teraz zostaje "Life of a Dark Rose" z 2018 rokuLil Skies
58%
To australijski raper, piosenkarz i autor tekstów. Urodzony w Sydney, ale wychowany na wsi w Australii, początkowo zebrał kilku zwolenników ponieważ kojarzono jego styl z raperem Juice WRLD, który był dla niego mentorem podczas trasy koncertowej po Australii. Laroi jest najbardziej znany ze swoich singli „GO” (feat. Juice WRLD), „Let Her Go”, „Diva” (feat. Lil Tecca) i „Tell Me Why”. Jego debiutancki mixtape "F * ck Love", ukazał się 24 lipca 2020 roku.The Kid Laroi
58%
Raper, aktor telewizyjny i filmowy, scenarzysta, komik, producent, reżyser. W 2019 jego piosenka „This is America” zdobyła 4 nagrody Grammy za Piosenkę roku, Teledysk roku, Najlepsza Współpracę Rapową/Śpiewaną oraz Nagranie RokuChildish Gambino
55%
Raper, piosenkarz i autor tekstów. Jest połową hip-hopowego duetu Rae Sremmurd ze swoim bratem Slimem Jxmmi. Teraz jednak bardziej znany ze swojej pop'owej strony. Jego najpopularniejszą piosenką jest na ten moment "Sunflower"Swae Lee
55%
Raper zdobył sławę dzięki swoim piosenkom które stały się viral'owe na platformie tik tok były to piosenki takie jak "Valentino", "Mood" czy "City of Angels". Pojawił się nawet w XXL freshman 202024kGoldn
53%
Raper zaczął zyskiwać popularność po tracku "Drowning" na którym feat znajdował się kodak black, lecz nowojorksi raper dopiero zaczął mocniej rozwijać skrzydła w 2020 roku po wydaniu albumu "Artist 2.0". Jego ksywka związana jest z 'bluzą'A Boogie wit da Hoodie
52%
Raperka która zyskała największą popularność przez jej viral'owe piosenki na tik toku, uczestniczyła w głośnym konflikcie gdzie została postrzelona w stopęMegan Thee Stallion
51%
Raper, zaczął zyskiwać popularnośc gdy wydał singiel „Outside Today” piosenka była głównym singlem jego debiutanckiego albumu studyjnego Until Death Call My Name (2018), który zadebiutował na 7. miejscu na liście Billboard 200 w USA. 21 letni raper choć nie utrzymuje się długo na scenie rapowej (Dopiero 2 lata) ma dużo krytyków jak i zwolenników jego twórczości. Image rapera często używany jest w memach przez jego agresywne flow i gangsterskie życieNBA Youngboy
43%
Wspomniało o nim znane polskie rapowe duo Taconafide w jednej z ich piosenekTory Lanez
40%
Aktor, piosenkarz, raper, projektant odzieży i tancerz. Dużo sławy z samego początku zawdzięcza swojemu bardzo popularnemu ojcowi który jest znanym na całym świecie aktoremJaden Smith
38%
Rapowe duo zostało założone w 2014 r. w Nowym Orleanie przez dwójkę kuzynów. Duet jest uważany za jeden z najpopularniejszych w amerykańskiej podziemnej scenie rapowej. Po kilku latach wydawania wyłącznie EP'ek i mixtape'ów, ich debiutancki album "I Want to Die in New Orleans" został wydany 7 września 2018 r. Bardzo dobrze radził sobie komercyjnie, co poskutkowało znalezieniem się w pierwszej dziesiątce na amerykańskiej liście Billboard 200Suicideboys
33%
W 2007 roku podpisał kontrakt płytowy z wytwórnią Kanye West'a, .a w 2008 z Def Jam Recordings. W 2014 roku został wydany jego trzeci album, który zawiera teledyski "I Don't Fuck With You" oraz "Blessings" ft. Drake. W 2020 roku wydał album "Detroit 2"Big Sean
32%
Raper zaczął zdobywać uznanie po wydaniu kilku niezależnych projektów takich jak "Route of Evil" (2012) i "DiCaprio" (2015). 26 listopada 2018 wydał swój drugi album "DiCaprio 2" który zawiera single takie jak „151 Rum” i „Off Deez” które zdobyły spore uznanie krytyków.JID
29%

Rozkład punktacji

Percentyl według liczby udzielonych odpowiedzi

Procent ludzi z każdym wynikiem

Twoja historia wyników

Nie rozwiązałeś tego quizu od ostatniego zresetowania